<?xml version="1.0" encoding="UTF-8"?>
<record
    xmlns:xsi="http://www.w3.org/2001/XMLSchema-instance"
    xsi:schemaLocation="http://www.loc.gov/MARC21/slim http://www.loc.gov/standards/marcxml/schema/MARC21slim.xsd"
    xmlns="http://www.loc.gov/MARC21/slim">

  <leader>01429nam a22002297a 4500</leader>
  <controlfield tag="003">DO-SdBNP</controlfield>
  <controlfield tag="005">20210906085034.0</controlfield>
  <controlfield tag="007">ta</controlfield>
  <controlfield tag="008">210825e2017    dr ||||er|||| 001 m spa d</controlfield>
  <datafield tag="020" ind1=" " ind2=" ">
    <subfield code="a">9789945468762</subfield>
  </datafield>
  <datafield tag="040" ind1=" " ind2=" ">
    <subfield code="a">DO-SdBNP</subfield>
    <subfield code="b">spa</subfield>
    <subfield code="c">BNPHU</subfield>
  </datafield>
  <datafield tag="041" ind1=" " ind2=" ">
    <subfield code="h">spa</subfield>
  </datafield>
  <datafield tag="082" ind1=" " ind2=" ">
    <subfield code="b">B317d</subfield>
  </datafield>
  <datafield tag="100" ind1="1" ind2=" ">
    <subfield code="a">Bass, Alberto</subfield>
    <subfield code="9">26650</subfield>
    <subfield code="d">1949-</subfield>
  </datafield>
  <datafield tag="245" ind1="1" ind2="3">
    <subfield code="a">Di&#xE1;logo, arte y realidad /</subfield>
    <subfield code="c">Alberto Bass</subfield>
  </datafield>
  <datafield tag="260" ind1=" " ind2=" ">
    <subfield code="a">Santo Domingo :</subfield>
    <subfield code="b">Alfa &amp; Omega,</subfield>
    <subfield code="c">2017</subfield>
  </datafield>
  <datafield tag="300" ind1=" " ind2=" ">
    <subfield code="a">370 p.;</subfield>
    <subfield code="c">22 cm</subfield>
  </datafield>
  <datafield tag="500" ind1=" " ind2=" ">
    <subfield code="a">Incluye biograf&#xED;a del autor en la p. 365</subfield>
  </datafield>
  <datafield tag="505" ind1=" " ind2=" ">
    <subfield code="a">Presentaci&#xF3;n.</subfield>
    <subfield code="t">Di&#xE1;logo con Faustino P&#xE9;res.--</subfield>
    <subfield code="t">Di&#xE1;logo con Vicente Fabr&#xE9;.--</subfield>
    <subfield code="t">Di&#xE1;logo con Isa de Pe&#xF1;a.--</subfield>
    <subfield code="t">Di&#xE1;logo con Charitto Ch&#xE1;vez.--</subfield>
    <subfield code="t">Di&#xE1;logo con Nelson Calder&#xF3;n.--</subfield>
    <subfield code="t">Di&#xE1;logo con Jos&#xE9; Cestero.--</subfield>
    <subfield code="t">Di&#xE1;logo con Elvis Avil&#xE9;s.--</subfield>
    <subfield code="t">Di&#xE1;logo con Antonio Guadalupe.--</subfield>
    <subfield code="t">Di&#xE1;logo con Frank Alm&#xE1;nzar.--</subfield>
    <subfield code="t">Di&#xE1;logo con Juan Bautista S&#xE1;nchez.--</subfield>
    <subfield code="t">Di&#xE1;logo con Reynaldo Disla.--</subfield>
    <subfield code="t">Di&#xE1;logo con Jaime Lucero.--</subfield>
    <subfield code="t">Di&#xE1;logo con Gloria Rojas.-- </subfield>
    <subfield code="t">Di&#xE1;logo con &#xC1;ngel Tom&#xE1;as Gonz&#xE1;lez.--</subfield>
    <subfield code="t">Di&#xE1;logo con Osvaldo Salas.--</subfield>
    <subfield code="t">Di&#xE1;logo con Alberto Korda.--</subfield>
    <subfield code="t">Di&#xE1;logo con Julio Antonio Rodr&#xED;guez.--</subfield>
    <subfield code="t">Di&#xE1;logo con Fradique Lizardo.--</subfield>
    <subfield code="t">Di&#xE1;logo con Humberto Soto Ricart.--</subfield>
    <subfield code="t">Di&#xE1;logo con Danilo Lasos&#xE9;.--</subfield>
    <subfield code="t">Di&#xE1;logo con Eligio Pichardo.--</subfield>
    <subfield code="t">Di&#xE1;logo con Ram&#xF3;n Oviedo.--</subfield>
    <subfield code="t">Di&#xE1;logo con Jeannette Miller.--</subfield>
    <subfield code="t">Di&#xE1;logo con Rosa Mel&#xE9;ndez.-- </subfield>
  </datafield>
  <datafield tag="590" ind1=" " ind2=" ">
    <subfield code="a">Inventariado 2021 / MF</subfield>
  </datafield>
  <datafield tag="942" ind1=" " ind2=" ">
    <subfield code="2">ddc</subfield>
    <subfield code="c">LBS1</subfield>
  </datafield>
  <datafield tag="952" ind1=" " ind2=" ">
    <subfield code="0">0</subfield>
    <subfield code="1">0</subfield>
    <subfield code="2">ddc</subfield>
    <subfield code="5">1</subfield>
    <subfield code="7">1</subfield>
    <subfield code="8">PD</subfield>
    <subfield code="a">BNPHU</subfield>
    <subfield code="b">PD</subfield>
    <subfield code="c">HD</subfield>
    <subfield code="d">2018-09-10</subfield>
    <subfield code="e">Donado por Editora Alfa y Omega</subfield>
    <subfield code="l">0</subfield>
    <subfield code="o">B317d</subfield>
    <subfield code="p">2021-25710</subfield>
    <subfield code="r">2021-08-25</subfield>
    <subfield code="w">2021-08-25</subfield>
    <subfield code="y">LFPD</subfield>
  </datafield>
  <datafield tag="952" ind1=" " ind2=" ">
    <subfield code="0">0</subfield>
    <subfield code="1">0</subfield>
    <subfield code="2">ddc</subfield>
    <subfield code="5">1</subfield>
    <subfield code="7">2</subfield>
    <subfield code="8">PD</subfield>
    <subfield code="a">BNPHU</subfield>
    <subfield code="b">PD</subfield>
    <subfield code="c">HD</subfield>
    <subfield code="d">2018-09-10</subfield>
    <subfield code="e">Doando por Editora Alfa &amp; Omega</subfield>
    <subfield code="l">0</subfield>
    <subfield code="o">B317d</subfield>
    <subfield code="p">2021-25711</subfield>
    <subfield code="r">2021-08-25</subfield>
    <subfield code="t">e.2</subfield>
    <subfield code="w">2021-08-25</subfield>
    <subfield code="y">LFPD</subfield>
  </datafield>
  <datafield tag="952" ind1=" " ind2=" ">
    <subfield code="0">0</subfield>
    <subfield code="1">0</subfield>
    <subfield code="2">ddc</subfield>
    <subfield code="5">6</subfield>
    <subfield code="7">0</subfield>
    <subfield code="8">DS</subfield>
    <subfield code="a">BNPHU</subfield>
    <subfield code="b">GR</subfield>
    <subfield code="c">HD</subfield>
    <subfield code="d">2018-09-10</subfield>
    <subfield code="e">Donado por Editora Alfa &amp; Omega</subfield>
    <subfield code="l">0</subfield>
    <subfield code="o">B317d</subfield>
    <subfield code="p">2021-25712</subfield>
    <subfield code="r">2021-08-25</subfield>
    <subfield code="t">e.3</subfield>
    <subfield code="w">2021-08-25</subfield>
    <subfield code="y">LFDS</subfield>
  </datafield>
  <datafield tag="999" ind1=" " ind2=" ">
    <subfield code="c">50285</subfield>
    <subfield code="d">50285</subfield>
  </datafield>
</record>
